MARC

LEADER 00000nam0a2200000 4500
001 259418
005 20231031220634.0
010 |b 1000 экз. 
035 |a (RuTPU)RU\TPU\book\282360 
090 |a 259418 
100 |a 20140508d1928 m y0rusy50 ca 
101 0 |a rus 
102 |a RU 
105 |a a z 000zy 
200 1 |a Население Приенисейского Края  |f А. Р. Шнейдер 
210 |a Красноярск  |c Издание бюро краеведения при Средне- Сибирском отделе РГО  |d 1928 
215 |a 22 с.  |c табл. 
225 1 |a Библиотека Приенисейского Краеведа  |h № 15  |f под ред. В. А. Смирнова и В. П. Косованова 
300 |a Без титульного листа. 
610 1 |a Восточная Сибирь 
610 1 |a Приенисейский край 
610 1 |a население 
610 1 |a этнография 
610 1 |a плотность 
610 1 |a 20 век 
686 |a С73(2Р54)-21  |v LBC/SL-A  |2 rubbk 
686 |a Ч611.68  |v LBC/SL-A  |2 rubbk 
700 1 |a Шнейдер  |b А. Р. 
801 1 |a RU  |b 63413507  |c 20140508 
801 2 |a RU  |b 63413507  |c 20140508  |g RCR 
942 |c BK